Historia de la legislación y recitaciones del derecho civil de España / (Record no. 158749)

MARC details
000 -LEADER
campo de control de longitud fija 00889nam a2200205 i 4500
001 - NÚMERO DE CONTROL
campo de control 158749
003 - IDENTIFICADOR DE NÚMERO DE CONTROL
campo de control ES-MaACL
005 - FECHA Y HORA DE LA ÚLTIMA TRANSACCIÓN
campo de control 20230906211310.0
008 - DATOS DE LONGITUD FIJA--INFORMACIÓN GENERAL
campo de control de longitud fija 950306m18611876sp |||| | spa d
100 1# - ENTRADA PRINCIPAL--NOMBRE DE PERSONA
Nombre de persona Marichalar, Amalio
Títulos y otros términos asociados al nombre Marqués de Montesa.
9 (RLIN) 76703
245 10 - MENCIÓN DEL TÍTULO
Título Historia de la legislación y recitaciones del derecho civil de España /
Mención de responsabilidad, etc. por Amalio Marichalar, marqués de Montesa y Cayetano Manrique.
260 ## - PUBLICACIÓN, DISTRIBUCIÓN, ETC.
Lugar de publicación, distribución, etc. Madrid :
Nombre del editor, distribuidor, etc. [s.n.],
Fecha de publicación, distribución, etc. 1861-1872 (
Fabricante Imp. Nacional)
300 ## - DESCRIPCIÓN FÍSICA
Extensión 9 v. ;
Dimensiones 22 cm.
510 4# - NOTA DE CITAS O REFERENCIAS BIBLIOGRÁFICAS
Nombre de la fuente Palau,
Localización dentro de la fuente 151792
596 ## - NOTA AL PIE DE IMPRENTA
NOTA AL PIE DE IMPRENTA En cub. del v. IX consta el año 1876.
597 ## - NOTA DE DESCRIPCIÓN FÍSICA
NOTA DE DESCRIPCIÓN FÍSICA I (LXXVI, 483 p. ) - II (559 p.) - III (556 p.) - IV (573 p.) - V (564 p.) - VI (564 p.) - VII (567 p.) - VIII (539 p.) - IX (773 p.)
650 ## - PUNTO DE ACCESO ADICIONAL DE MATERIA--TÉRMINO DE MATERIA
Término de materia o nombre geográfico como elemento de entrada Derecho civil-
Subdivisión geográfica España-
Subdivisión de forma Historia.
9 (RLIN) 11661
700 1# - ENTRADA AGREGADA--NOMBRE PERSONAL
Nombre de persona Manrique, Cayetano.
9 (RLIN) 76093
852 ## - LOCALIZACIÓN
Ubicación ES-MaACL
Número de control de estantería G-14405-13
Nota libre - Enc hol.
Holdings
Estatus retirado Estado de pérdida Estado de daño No para préstamo Colección Biblioteca de origen Biblioteca actual Ubicación en estantería Fecha de adquisición Total de préstamos Signatura topográfica completa Código de barras Visto por última vez Precio de reemplazo Tipo de ítem Koha
        Libros del s. XIX Biblioteca del Ateneo de Madrid Biblioteca del Ateneo de Madrid Depósito 2 17/01/2008   G-14405-13 1166161 23/02/2023 23/02/2023 Libro impreso antiguo